000 00337nam a2200133 i 4500
001 bg
100 1 _aSOCHA, W.
245 0 _aWybrane problemy z diagnostyki i organizacji środowiska wychowawczego /
_cW. Socha.
260 _aLublin,
_c1984.
040 _cBPK
041 _apol
942 _cKS
008 s pl f |000 0 pol
999 _c2407
_d2407
856 _uhttp://koha.tu.koszalin.pl/cgi-bin/koha/opac-detail.pl?biblionumber=2407
_yKatalog online BPK